Statistiques concernant Prénoms garçons 2021

Cliquez ici pour prendre le quiz!

Statistiques générales

  • Ce quiz a été pris 927 fois
    (84 depuis la dernière actualisation)
  • Le résultat moyen est 32 sur 100

Statistiques - réponses

HintLettrePrénoms% Correct
5LLéo
81%
1LLouis
76%
3GGabriel
68%
16LLucas
68%
37NNathan
68%
22PPaul
63%
10JJules
62%
88MMaxime
60%
83TThomas
60%
2RRaphaël
59%
11HHugo
57%
25TThéo
57%
65AAlexandre
56%
8AArthur
54%
12TTom
54%
47MMathéo
53%
40NNoa
53%
20MMathis
51%
55AAntoine
50%
19EEnzo
49%
7EEthan
47%
15VVictor
47%
92AAlexis
44%
44EElio
44%
6MMaël
44%
33VValentin
44%
48AAxel
43%
70BBaptiste
43%
54LLéon
43%
13NNoah
41%
4AAdam
40%
86CCharles
40%
29CClément
40%
39EEvan
40%
14LLiam
40%
81MMohamed
38%
35 | 91NNoé
38%
26TTiméo
38%
34EEliott
37%
28GGabin
37%
23SSacha
37%
52SSamuel
37%
97WWilliam
37%
42MMattéo
35%
64MMaxence
35%
38SSimon
35%
46MMartin
34%
69KKylian
32%
82OOscar
31%
21NNolan
29%
61CCharly
28%
27GGaspard
28%
17MMalo
26%
24AAaron
25%
32RRobin
25%
58MMilan
24%
85JJeremy
22%
49LLéandre
22%
31MMarius
22%
45MMilo
22%
9EEden
21%
67NNino
21%
57NNoam
21%
78RRayan
21%
18TTiago
21%
51TTimothée
21%
71JJoseph
19%
30LLenny
19%
63MMarin
19%
76PPablo
19%
77SSoan
19%
43IIsaac
18%
73EErwan
16%
53LLouka
16%
36MMarceau
16%
90NNaël
16%
99OOwen
16%
66AAmir
15%
62AAugustin
15%
74BBasile
15%
56MMathys
15%
68AAuguste
13%
50CCôme
12%
95DDiego
12%
87LLyam
12%
79AAmaury
10%
100LLéonard
10%
60LLivio
10%
59AAlessio
9%
41AAyden
9%
75IIlyan
9%
93SSohan
9%
84EEzra
6%
94IIbrahim
6%
98LLino
6%
89MMalone
6%
80MMattia
6%
72NNathaël
6%
96MMelvyn
1%

Distribution des résultats

Percentile par nombre de réponses

% des personnes avec chaque résultat

Votre développement - résultats

Vous n’avez pas pris ce quiz depuis la dernière actualisation